Nowoczesne formy działalności gospodarczej szansą rozwoju obszarów wiejskich

Salvato in:
Dettagli Bibliografici
Autore principale: Pakulska, Jolanta
Altri autori: Rutkowska-Podołowska, Małgorzata
Natura: Capitolo di libro
Lingua:polacco
Tags: Aggiungi Tag
Nessun Tag, puoi essere il primo ad aggiungerne!!

MARC

LEADER 00000naa$a2200000$$$4500
001 0151171
005 20220803084319.0
041 0 |a pol 
044 |a PL 
245 1 0 |a Nowoczesne formy działalności gospodarczej szansą rozwoju obszarów wiejskich  |c Jolanta Pakulska, Małgorzata Rutkowska-Podołowska 
100 1 |a Pakulska, Jolanta 
700 1 |a Rutkowska-Podołowska, Małgorzata